000 00265nam a2200109Ia 4500
008 190914s9999||||xx |||||||||||||| ||und||
100 _aElma Ruth Harder
245 0 _aLives of the Prophets
260 _aCanada
_bTata McGraw Hill
_c2000
300 _a304
942 _cBK
999 _c9678
_d9678